000 00529nam a2200169 i 4500
001 46420
003 ES-MaACL
005 20260210163243.0
007 t|
008 030328s1965 sp ||||1| spa d
245 0 0 _aConferencias 1964-65.
260 _aMadrid :
_bInstituto Nacional de Investigaciones Agronómicas,
_c1965.
300 _a135 p., 6 lám. :
_bil. ;
_c25 cm.
710 _aInstituto Nacional de Investigaciones Agronómicas
_c(España)
_9219222
852 _aES-MaACL
_jC-30124
_bR.60366
999 _c46420
_d46420